सफल कैसे हों / (Record no. 15133)

MARC details
000 -LEADER
fixed length control field 01254nam a22002897a 4500
005 - DATE AND TIME OF LATEST TRANSACTION
control field 20080827101417.0
008 - FIXED-LENGTH DATA ELEMENTS--GENERAL INFORMATION
fixed length control field 080827t xxu||||| |||| 00| 0 hin d
010 ## - LIBRARY OF CONGRESS CONTROL NUMBER
LC control number HIN-84101
020 ## - INTERNATIONAL STANDARD BOOK NUMBER
Terms of availability 75.00
International Standard Book Number 8121611229
035 ## - SYSTEM CONTROL NUMBER
System control number HN-56447
037 ## - SOURCE OF ACQUISITION
Stock number DBAD / PUB
040 ## - CATALOGING SOURCE
Original cataloging agency DPL
Language of cataloging HN
082 ## - DEWEY DECIMAL CLASSIFICATION NUMBER
Classification number 158.1
100 ## - MAIN ENTRY--PERSONAL NAME
Personal name मार्डेन, स्वेट
245 ## - TITLE STATEMENT
Title सफल कैसे हों /
Statement of responsibility, etc स्वेट मार्डेन
246 ## - VARYING FORM OF TITLE
Title proper/short title Saphala kaise hon
Remainder of title by Swett Marden
260 ## - PUBLICATION, DISTRIBUTION, ETC. (IMPRINT)
Place of publication, distribution, etc नई दिल्ली
Name of publisher, distributor, etc हिन्द पॉकेट बुक्स
Date of publication, distribution, etc 2006
270 ## - ADDRESS
Address जे-40, जोरबाग लेन
City नई दिल्ली
Postal code 110003
300 ## - PHYSICAL DESCRIPTION
Extent 111पृ
Dimensions 22सेमी (अजिल्द)
650 ## - SUBJECT ADDED ENTRY--TOPICAL TERM
Topical term or geographic name as entry element जीवन कौशल
650 ## - SUBJECT ADDED ENTRY--TOPICAL TERM
Topical term or geographic name as entry element Life skills
650 ## - SUBJECT ADDED ENTRY--TOPICAL TERM
Topical term or geographic name as entry element व्यवसाय में सफलता
650 ## - SUBJECT ADDED ENTRY--TOPICAL TERM
Topical term or geographic name as entry element Success in business
700 ## - ADDED ENTRY--PERSONAL NAME
Personal name व्यास, गिरधारीलाल
942 ## - ADDED ENTRY ELEMENTS (KOHA)
Source of classification or shelving scheme Dewey Decimal Classification
Koha item type Hindi Books
Call number suffix मार्डेन
Classification part 158.1
Holdings
Withdrawn status Lost status Damaged status Not for loan Collection code Home library Current library Date acquired Source of acquisition Cost, normal purchase price Total Checkouts Full call number Barcode Date last seen Copy number Cost, replacement price Price effective from Koha item type
      Not For Loan Non-fiction D.B.Act.Division D.B.Act.Division 27/08/2008 DBAD / PUB 75.00   158.1 मार्डेन HN-56447 15/09/2008 1 75.00 15/09/2008 Hindi Books

© Delhi Public Library
Hit Counter
free hit counter